| 000 | 00442nam a22001697a 4500 | ||
|---|---|---|---|
| 003 | NUST - PNEC | ||
| 005 | 20170116180847.0 | ||
| 008 | 150824b xxu||||| |||| 00| 0 eng d | ||
| 020 | _a8121900743 | ||
| 040 | _cLIBRARY | ||
| 082 | _a546 MAD | ||
| 100 |
_95517 _aR. D Madan |
||
| 245 |
_aSatya Prakash's modern inorganic chemistry _cMadan, R. D |
||
| 260 | _cc.1987 | ||
| 650 |
_95519 _aChemistry, Inorganic _xGeneral, ME |
||
| 942 |
_2ddc _cBK |
||
| 999 |
_c64497 _d64497 |
||